[Event "Muensterland Regionalliga 2526"]
[Site "Germany"]
[Date "2026.01.10"]
[Round "5"]
[Board "6"]
[White "Janning, Rainer"]
[Black "Gravenkoetter, Christian"]
[Result "1/2-1/2"]
[WhiteElo "1826"]
[BlackElo "1658"]
[WhiteFideId "-1"]
[BlackFideId "-1"]
[PlyCount "117"]
[GameId "2269795017234308"]
[EventDate "2025.??.??"]
[EventType "team-tourn"]
[EventRounds "9"]
[EventCountry "GER"]
[SourceTitle "Verband Muensterland"]
[SourceDate "2025.09.21"]
[SourceVersion "1"]
[SourceVersionDate "2025.09.21"]
[SourceQuality "1"]
[WhiteTeam "Steinfurt"]
[BlackTeam "Metelen"]
[WhiteTeamCountry "GER"]
[BlackTeamCountry "GER"]

1. f4 e5 2. fxe5 d6 3. exd6 Bxd6 4. Nf3 g5 5. g3 g4 6. Nh4 Be7 7. Ng2 h5 8. d4 h4 9. Bf4 hxg3 10. Bxg3 Bd6 11. Nf4 Nf6 12. Qd3 Qe7 13. Bg2 c6 14. Nd2 Nh5 15. Nxh5 Rxh5 16. e4 Bxg3+ 17. hxg3 Rxh1+ 18. Bxh1 Be6 19. a3 Nd7 20. O-O-O Nb6 21. c4 O-O-O 22. d5 cxd5 23. exd5 Bd7 24. Kb1 Kb8 25. Rc1 Qe5 26. Ka1 f5 27. Qc3 Qxc3 28. Rxc3 Bc8 29. Rc1 Re8 30. Nf1 Nxc4 31. Ka2 Nd6 32. Kb3 Bd7 33. Kb4 b6 34. b3 Bb5 35. a4 a5+ 36. Ka3 Bxf1 37. Rxf1 Re3 38. Rg1 Kc7 39. Kb2 b5 40. Rc1+ Kd7 41. Rc3 Re2+ 42. Rc2 Rxc2+ 43. Kxc2 bxa4 44. bxa4 Nc4 45. Kd3 Nb6 46. Ke3 Nxa4 47. Kf4 Nc3 48. Bg2 Kd6 49. Bf1 Kxd5 50. Bd3 Kd4 51. Bc2 Ne2+ 52. Kxf5 Nxg3+ 53. Kxg4 Ne4 54. Ba4 Nc3 55. Be8 Kc5 56. Kf3 Nb5 57. Ke3 a4 58. Bxb5 Kxb5 59. Kd3 1/2-1/2

[Event "Muensterland Regionalliga 2526"]
[Site "Germany"]
[Date "2026.01.10"]
[Round "5"]
[Board "7"]
[White "Focke, Robert"]
[Black "Thomas, Wolfgang1"]
[Result "1/2-1/2"]
[WhiteElo "1494"]
[BlackElo "1729"]
[WhiteFideId "-1"]
[BlackFideId "-1"]
[PlyCount "32"]
[GameId "2269795017234306"]
[EventDate "2025.??.??"]
[EventType "team-tourn"]
[EventRounds "9"]
[EventCountry "GER"]
[SourceTitle "Verband Muensterland"]
[SourceDate "2025.09.21"]
[SourceVersion "1"]
[SourceVersionDate "2025.09.21"]
[SourceQuality "1"]
[WhiteTeam "Metelen"]
[BlackTeam "Steinfurt"]
[WhiteTeamCountry "GER"]
[BlackTeamCountry "GER"]

1. f4 d6 2. Nf3 g6 3. d4 Nf6 4. e3 Bg7 5. Bd3 Nbd7 6. O-O O-O 7. b3 e5 8. Nbd2 exd4 9. exd4 Re8 10. Bb2 c6 11. Nc4 Nb6 12. Qd2 Nxc4 13. Bxc4 Bg4 14. Rae1 Qd7 15. Bd3 Rxe1 16. Qxe1 Re8 1/2-1/2

[Event "Muensterland Regionalliga 2526"]
[Site "Germany"]
[Date "2026.01.10"]
[Round "5"]
[Board "8"]
[White "Haselhorst, Helmut"]
[Black "Bruening, Rene"]
[Result "1/2-1/2"]
[WhiteElo "1839"]
[BlackElo "1131"]
[WhiteFideId "-1"]
[BlackFideId "-1"]
[PlyCount "56"]
[GameId "2269795017234304"]
[EventDate "2025.??.??"]
[EventType "team-tourn"]
[EventRounds "9"]
[EventCountry "GER"]
[SourceTitle "Verband Muensterland"]
[SourceDate "2025.09.21"]
[SourceVersion "1"]
[SourceVersionDate "2025.09.21"]
[SourceQuality "1"]
[WhiteTeam "Steinfurt"]
[BlackTeam "Metelen"]
[WhiteTeamCountry "GER"]
[BlackTeamCountry "GER"]

1. d4 d5 2. Nf3 Bf5 3. c4 e6 4. Nc3 Bb4 5. Bf4 Nf6 6. e3 Ne4 7. Qb3 Bxc3+ 8. bxc3 Nd7 9. Be2 b6 10. h3 c6 11. O-O g5 12. Bh2 g4 13. hxg4 Bxg4 14. Rfd1 Rg8 15. Kf1 Bxf3 16. Bxf3 Qh4 17. Bg1 Ng5 18. g3 Qh3+ 19. Bg2 Qf5 20. cxd5 cxd5 21. c4 Ne4 22. cxd5 Nxg3+ 23. Ke1 Ne4 24. Bxe4 Qxe4 25. Kd2 exd5 26. Rac1 Qf3 27. Kc3 Rc8+ 28. Kb2 Rxc1 1/2-1/2

[Event "Muensterland Regionalliga 2526"]
[Site "Germany"]
[Date "2026.01.10"]
[Round "5"]
[Board "1"]
[White "Schulze Ameling, Hendrik"]
[Black "Wellen, Hendrik"]
[Result "1/2-1/2"]
[WhiteElo "1996"]
[BlackElo "1995"]
[WhiteFideId "-1"]
[BlackFideId "-1"]
[PlyCount "39"]
[GameId "2276419069752132"]
[EventDate "2025.??.??"]
[EventType "team-tourn"]
[EventRounds "9"]
[EventCountry "GER"]
[SourceTitle "Verband Muensterland"]
[SourceDate "2025.09.21"]
[SourceVersion "1"]
[SourceVersionDate "2025.09.21"]
[SourceQuality "1"]
[WhiteTeam "Ahaus Wessum"]
[BlackTeam "Heiden"]
[WhiteTeamCountry "GER"]
[BlackTeamCountry "GER"]

1. d4 d5 2. Nf3 Nf6 3. c4 c6 4. Nc3 e6 5. e3 Nbd7 6. Bd3 dxc4 7. Bxc4 b5 8. Bd3 Bb7 9. O-O a6 10. Qe2 c5 11. Rd1 Qc7 12. e4 cxd4 13. Nxd4 Bc5 14. Nb3 Be7 15. Be3 Rc8 16. Rac1 Qb8 17. a3 O-O 18. Bb1 Rfd8 19. Na5 Ba8 20. b4 1/2-1/2

[Event "Muensterland Regionalliga 2526"]
[Site "Germany"]
[Date "2026.01.10"]
[Round "5"]
[Board "2"]
[White "Wienen, Hermann"]
[Black "Winking, Hendrik"]
[Result "1/2-1/2"]
[WhiteElo "1875"]
[BlackElo "1918"]
[WhiteFideId "-1"]
[BlackFideId "-1"]
[PlyCount "48"]
[GameId "2276419069752134"]
[EventDate "2025.??.??"]
[EventType "team-tourn"]
[EventRounds "9"]
[EventCountry "GER"]
[SourceTitle "Verband Muensterland"]
[SourceDate "2025.09.21"]
[SourceVersion "1"]
[SourceVersionDate "2025.09.21"]
[SourceQuality "1"]
[WhiteTeam "Heiden"]
[BlackTeam "Ahaus Wessum"]
[WhiteTeamCountry "GER"]
[BlackTeamCountry "GER"]

1. e4 c6 2. d4 d5 3. exd5 cxd5 4. Nf3 Nc6 5. Be2 Bf5 6. O-O Nf6 7. c3 a6 8. Nbd2 e6 9. Re1 Bd6 10. Nf1 h6 11. Ne3 Be4 12. Bd3 O-O 13. Bxe4 Nxe4 14. h3 b5 15. Qd3 Rc8 16. a4 Qb6 17. Ng4 f5 18. Ne3 Na5 19. axb5 axb5 20. Nd2 Nc4 21. Nexc4 bxc4 22. Qe2 Bc7 23. Nf1 Rf6 24. f3 Ng3 1/2-1/2

[Event "Muensterland Regionalliga 2526"]
[Site "Germany"]
[Date "2026.01.10"]
[Round "5"]
[Board "3"]
[White "Rosing, Hermann"]
[Black "Berger, Alfred"]
[Result "1-0"]
[WhiteElo "1982"]
[BlackElo "1848"]
[WhiteFideId "-1"]
[BlackFideId "-1"]
[PlyCount "139"]
[GameId "2276419069752136"]
[EventDate "2025.??.??"]
[EventType "team-tourn"]
[EventRounds "9"]
[EventCountry "GER"]
[SourceTitle "Verband Muensterland"]
[SourceDate "2025.09.21"]
[SourceVersion "1"]
[SourceVersionDate "2025.09.21"]
[SourceQuality "1"]
[WhiteTeam "Ahaus Wessum"]
[BlackTeam "Heiden"]
[WhiteTeamCountry "GER"]
[BlackTeamCountry "GER"]

1. e4 c5 2. Nc3 a6 3. Nge2 b5 4. g3 Bb7 5. Bg2 g6 6. O-O Bg7 7. d4 cxd4 8. Nxd4 Nc6 9. Be3 h5 10. h3 e5 11. Nb3 Nce7 12. Qd6 Nc8 13. Qd2 d6 14. Rad1 Nge7 15. Bc5 Nc6 16. Be3 N6e7 17. f4 Qc7 18. f5 b4 19. Ne2 gxf5 20. exf5 Bf6 21. Qxb4 Bxg2 22. Kxg2 Qxc2 23. Rd2 Qc6+ 24. Kh2 Qb5 25. Qxb5+ axb5 26. Nc3 b4 27. Ne4 Ng8 28. Nxd6+ Nxd6 29. Rxd6 Rxa2 30. Rf2 Be7 31. Rd5 f6 32. Rb5 Nh6 33. Nc5 Kf7 34. Rb7 Rc8 35. Ne4 Nxf5 36. Rxf5 Rxb2+ 37. Rf2 Rxf2+ 38. Bxf2 Ke6 39. Rb5 Rc2 40. Kg1 Rc1+ 41. Kg2 Rc2 42. Kf1 f5 43. Nc5+ Kd5 44. Na4+ Ke4 45. Kg2 f4 46. gxf4 Kxf4 47. Rb7 Bd6 48. Rb6 Bf8 49. Rf6+ Kg5 50. Rxf8 e4 51. Kf1 b3 52. Rb8 Ra2 53. Nc3 Ra1+ 54. Ke2 Rh1 55. Nxe4+ Kf4 56. Rxb3 Kxe4 57. Rb4+ Kf5 58. h4 Rh3 59. Kf1 Rf3 60. Kg2 Rd3 61. Bg3 Rd2+ 62. Kh3 Rd3 63. Rb5+ Kg6 64. Rg5+ Kh6 65. Kg2 Rd2+ 66. Bf2 Ra2 67. Kf3 Ra4 68. Re5 Rg4 69. Be3+ Kg6 70. Rg5+ 1-0

[Event "Muensterland Regionalliga 2526"]
[Site "Germany"]
[Date "2026.01.10"]
[Round "5"]
[Board "4"]
[White "Meis, Jonas"]
[Black "Parameswaran, Vithushan"]
[Result "0-1"]
[WhiteElo "1754"]
[BlackElo "1895"]
[WhiteFideId "-1"]
[BlackFideId "-1"]
[PlyCount "88"]
[GameId "2276419069760330"]
[EventDate "2025.??.??"]
[EventType "team-tourn"]
[EventRounds "9"]
[EventCountry "GER"]
[SourceTitle "Verband Muensterland"]
[SourceDate "2025.09.21"]
[SourceVersion "1"]
[SourceVersionDate "2025.09.21"]
[SourceQuality "1"]
[WhiteTeam "Heiden"]
[BlackTeam "Ahaus Wessum"]
[WhiteTeamCountry "GER"]
[BlackTeamCountry "GER"]

1. d4 d5 2. Bf4 Nc6 3. e3 Bf5 4. Bd3 e6 5. c3 f6 6. Bxf5 exf5 7. Ne2 g5 8. Bg3 Qd7 9. Nd2 Nge7 10. b4 Nc8 11. a3 Nd6 12. Qb3 Ne7 13. c4 c6 14. Nc3 Ne4 15. Ndxe4 fxe4 16. cxd5 cxd5 17. Na4 b6 18. Rc1 Rc8 19. Kd2 Rc4 20. Nc3 b5 21. a4 bxa4 22. Nxa4 Qb5 23. Bd6 Nc6 24. Bxf8 Rxf8 25. Rxc4 dxc4 26. Nc3 Qf5 27. Qxc4 Qxf2+ 28. Ne2 Ne7 29. Ra1 Nf5 30. Qe6+ Kd8 31. Qxe4 Re8 32. Qa8+ Ke7 33. Qxa7+ Kf8 34. Qc5+ Re7 35. Ra8+ Kg7 36. Qc4 Qxe3+ 37. Kd1 Rd7 38. Qg8+ Kh6 39. Qf8+ Kg6 40. Ra6 Qd3+ 41. Ke1 Qxa6 42. Qe8+ Rf7 43. g4 Ng7 44. Qe4+ f5 0-1

[Event "Muensterland Regionalliga 2526"]
[Site "Germany"]
[Date "2026.01.10"]
[Round "5"]
[Board "5"]
[White "Ter Horst, Carsten"]
[Black "Vestrick, Frank"]
[Result "1/2-1/2"]
[WhiteElo "1873"]
[BlackElo "1601"]
[WhiteFideId "-1"]
[BlackFideId "-1"]
[PlyCount "113"]
[GameId "2276419069760332"]
[EventDate "2025.??.??"]
[EventType "team-tourn"]
[EventRounds "9"]
[EventCountry "GER"]
[SourceTitle "Verband Muensterland"]
[SourceDate "2025.09.21"]
[SourceVersion "1"]
[SourceVersionDate "2025.09.21"]
[SourceQuality "1"]
[WhiteTeam "Ahaus Wessum"]
[BlackTeam "Heiden"]
[WhiteTeamCountry "GER"]
[BlackTeamCountry "GER"]

1. e4 d6 2. d4 Nf6 3. Nc3 g6 4. f4 c6 5. Nf3 Bg7 6. Bd3 O-O 7. O-O b5 8. e5 dxe5 9. dxe5 Nd5 10. Nxd5 Qxd5 11. Qe2 Na6 12. Be4 Qd7 13. Rd1 Qc7 14. Nd4 Bb7 15. Qf3 Rfd8 16. Be3 Nc5 17. c3 Nxe4 18. Qxe4 c5 19. Nxb5 Qb6 20. Qc4 Bc6 21. Bxc5 Rxd1+ 22. Rxd1 Bxb5 23. Qb4 Qc6 24. Bxe7 a6 25. b3 Qe6 26. c4 Qg4 27. Qd2 Be8 28. h3 Qg3 29. Qd5 Qe3+ 30. Kh1 Qa7 31. Bc5 Qb8 32. Bd6 Qc8 33. Kh2 Bh6 34. g3 Bd7 35. h4 Bc6 36. Qc5 Qb7 37. Rd2 Bf3 38. Qd4 Rd8 39. c5 Qb5 40. Qd3 Qc6 41. b4 Be4 42. Qb3 Bf5 43. Qd5 Qb5 44. c6 Qf1 45. Qg2 Qb1 46. c7 Rc8 47. Bc5 Bf8 48. Rd8 h5 49. Bxf8 Be4 50. Bc5+ Kh7 51. Rxc8 Bxg2 52. Rh8+ Kg7 53. Kxg2 Qe4+ 54. Kh2 Qe2+ 55. Kg1 Qe1+ 56. Kg2 Qe4+ 57. Kg1 1/2-1/2

[Event "Muensterland Regionalliga 2526"]
[Site "Germany"]
[Date "2026.01.10"]
[Round "5"]
[Board "6"]
[White "Hoelter, Dirk"]
[Black "Terdues, Guido"]
[Result "1/2-1/2"]
[WhiteElo "1669"]
[BlackElo "1722"]
[WhiteFideId "-1"]
[BlackFideId "-1"]
[PlyCount "96"]
[GameId "2276419069760334"]
[EventDate "2025.??.??"]
[EventType "team-tourn"]
[EventRounds "9"]
[EventCountry "GER"]
[SourceTitle "Verband Muensterland"]
[SourceDate "2025.09.21"]
[SourceVersion "1"]
[SourceVersionDate "2025.09.21"]
[SourceQuality "1"]
[WhiteTeam "Heiden"]
[BlackTeam "Ahaus Wessum"]
[WhiteTeamCountry "GER"]
[BlackTeamCountry "GER"]

1. e4 d5 2. exd5 Qxd5 3. Nc3 Qa5 4. d4 c6 5. Nf3 Nf6 6. Bd2 Qc7 7. Bd3 Bg4 8. h3 Bh5 9. g4 Bg6 10. Bxg6 hxg6 11. Ne5 e6 12. Qe2 Bd6 13. O-O-O Nbd7 14. f4 Nb6 15. Kb1 O-O-O 16. Ne4 Nxe4 17. Qxe4 Kb8 18. Ba5 Bxe5 19. fxe5 Rd7 20. Rd3 Qc8 21. Bb4 Qd8 22. Rf1 Nc8 23. Bc5 b6 24. Rb3 Kc7 25. Bd6+ Nxd6 26. exd6+ Kb7 27. Rc3 Qc8 28. Qe5 Rg8 29. Rcf3 Qe8 30. g5 Kc8 31. c4 Kb7 32. c5 b5 33. Qe1 Rf8 34. a4 a6 35. Qa5 Qd8 36. Qxd8 Rfxd8 37. Rxf7 bxa4 38. Ka2 a5 39. Ka3 Ka6 40. Kxa4 Rxf7 41. Rxf7 Rb8 42. d7 Rb4+ 43. Ka3 Rxd4 44. Rxg7 Kb5 45. Rxg6 Rxd7 46. Rxe6 Rd3+ 47. Ka2 Rxh3 48. Re5 Rg3 1/2-1/2

[Event "Muensterland Regionalliga 2526"]
[Site "Germany"]
[Date "2026.01.10"]
[Round "5"]
[Board "7"]
[White "Resing, Marvin"]
[Black "Wichert, Michael"]
[Result "1-0"]
[WhiteElo "1779"]
[BlackElo "1706"]
[WhiteFideId "-1"]
[BlackFideId "-1"]
[PlyCount "71"]
[GameId "2276419069760336"]
[EventDate "2025.??.??"]
[EventType "team-tourn"]
[EventRounds "9"]
[EventCountry "GER"]
[SourceTitle "Verband Muensterland"]
[SourceDate "2025.09.21"]
[SourceVersion "1"]
[SourceVersionDate "2025.09.21"]
[SourceQuality "1"]
[WhiteTeam "Ahaus Wessum"]
[BlackTeam "Heiden"]
[WhiteTeamCountry "GER"]
[BlackTeamCountry "GER"]

1. e4 e6 2. d4 d5 3. Nd2 Nf6 4. e5 Nfd7 5. Ngf3 c5 6. c3 Be7 7. Bd3 f6 8. O-O O-O 9. Re1 Nc6 10. Nf1 Qb6 11. Ng3 cxd4 12. cxd4 fxe5 13. dxe5 Qc7 14. Qc2 h6 15. Nh5 Rxf3 16. Bh7+ Kh8 17. gxf3 Ndxe5 18. Re3 d4 19. Rxe5 Qxe5 20. Qg6 Bf8 21. Bf4 Qf5 22. Re1 Qxg6+ 23. Bxg6 Bd7 24. a3 Kg8 25. b4 a6 26. Bd3 b5 27. Bxh6 Kf7 28. Bf4 Be7 29. Bg3 Rh8 30. Nf4 Bf6 31. Bg6+ Ke7 32. Bf5 Rd8 33. Nxe6 Bxe6 34. Rxe6+ Kf7 35. Rxc6 d3 36. Rd6 1-0

[Event "Muensterland Regionalliga 2526"]
[Site "Germany"]
[Date "2026.01.10"]
[Round "5"]
[Board "8"]
[White "Knop, Adrian"]
[Black "Schmidt, Lias Chester"]
[Result "1-0"]
[WhiteElo "1645"]
[BlackElo "1527"]
[WhiteFideId "-1"]
[BlackFideId "-1"]
[PlyCount "107"]
[GameId "2276419069760338"]
[EventDate "2025.??.??"]
[EventType "team-tourn"]
[EventRounds "9"]
[EventCountry "GER"]
[SourceTitle "Verband Muensterland"]
[SourceDate "2025.09.21"]
[SourceVersion "1"]
[SourceVersionDate "2025.09.21"]
[SourceQuality "1"]
[WhiteTeam "Heiden"]
[BlackTeam "Ahaus Wessum"]
[WhiteTeamCountry "GER"]
[BlackTeamCountry "GER"]

1. Nf3 Nf6 2. d4 d5 3. Bf4 Bf5 4. e3 e6 5. Bd3 Bxd3 6. Qxd3 Be7 7. Qb5+ Nbd7 8. Qxb7 O-O 9. c3 c5 10. h3 Ne4 11. Nbd2 Nxd2 12. Nxd2 cxd4 13. exd4 Nf6 14. O-O Bd6 15. Bxd6 Qxd6 16. Qb4 Qf4 17. Rad1 Rfb8 18. Qa3 Ne4 19. Nxe4 Qxe4 20. b4 Rc8 21. Rfe1 Qc2 22. Rc1 Qd3 23. Re3 Qb5 24. Qb3 Rab8 25. a4 Qc4 26. Rb1 a5 27. b5 Qxb3 28. Rxb3 Rc4 29. Ra3 Rb6 30. Kf1 f5 31. Ke2 Kf7 32. g4 fxg4 33. hxg4 h6 34. f4 Kf6 35. Rh3 Rc8 36. Kd3 Kg6 37. Ra1 Rc4 38. Rh5 Kf6 39. Kc2 Rb7 40. Kb3 Rbc7 41. Rh3 Rf7 42. Re1 Re7 43. Re5 Rec7 44. f5 exf5 45. gxf5 Rd7 46. Rg3 Rcc7 47. Rg6+ Kf7 48. Ra6 Ra7 49. Rxa7 Rxa7 50. Rxd5 h5 51. f6 g6 52. b6 Ra6 53. b7 Rb6+ 54. Rb5 1-0

[Event "Muensterland Regionalliga 2526"]
[Site "Germany"]
[Date "2026.02.07"]
[Round "6"]
[Board "1"]
[White "Bruemmer, Andreas"]
[Black "Reckzuegel, Philipp"]
[Result "1-0"]
[WhiteElo "1953"]
[BlackElo "1998"]
[WhiteFideId "-1"]
[BlackFideId "-1"]
[PlyCount "93"]
[GameId "2276418999378448"]
[EventDate "2025.??.??"]
[EventType "team-tourn"]
[EventRounds "9"]
[EventCountry "GER"]
[SourceTitle "Verband Muensterland"]
[SourceDate "2025.09.21"]
[SourceVersion "1"]
[SourceVersionDate "2025.09.21"]
[SourceQuality "1"]
[WhiteTeam "Rheine Klein Berlin"]
[BlackTeam "Gronau"]
[WhiteTeamCountry "GER"]
[BlackTeamCountry "GER"]

1. d4 Nf6 2. c4 e6 3. Nc3 d5 4. cxd5 exd5 5. Bg5 Be7 6. e3 O-O 7. Bd3 c6 8. Nge2 Nbd7 9. O-O Re8 10. Qc2 h6 11. Bh4 Ne4 12. Bxe7 Qxe7 13. Nxe4 dxe4 14. Bc4 Nb6 15. Bb3 Bd7 16. Nf4 Qg5 17. Rac1 Rad8 18. a4 Bc8 19. Qc5 Qxc5 20. Rxc5 Nd7 21. Rc2 Nf6 22. a5 g5 23. Ne2 a6 24. Rc5 Be6 25. Bxe6 Rxe6 26. Nc3 Kg7 27. Ra1 Kg6 28. Ra3 Ne8 29. g4 Nd6 30. Rb3 h5 31. h3 hxg4 32. hxg4 f6 33. Kg2 Re7 34. Ne2 Rh8 35. Ng3 Reh7 36. d5 Rh2+ 37. Kg1 cxd5 38. Rxd5 Nb5 39. Rb4 R2h4 40. Rxe4 Rc8 41. Kg2 Rc2 42. Rd7 Rh7 43. Rxh7 Kxh7 44. Re7+ Kg8 45. Rxb7 Rxb2 46. Rb6 Kf7 47. Ne4 1-0

[Event "Muensterland Regionalliga 2526"]
[Site "Germany"]
[Date "2026.02.07"]
[Round "6"]
[Board "2"]
[White "Hoge, Torsten"]
[Black "Langhans, Joerg"]
[Result "1/2-1/2"]
[WhiteElo "1931"]
[BlackElo "1949"]
[WhiteFideId "-1"]
[BlackFideId "-1"]
[PlyCount "33"]
[GameId "2276418999378450"]
[EventDate "2025.??.??"]
[EventType "team-tourn"]
[EventRounds "9"]
[EventCountry "GER"]
[SourceTitle "Verband Muensterland"]
[SourceDate "2025.09.21"]
[SourceVersion "1"]
[SourceVersionDate "2025.09.21"]
[SourceQuality "1"]
[WhiteTeam "Gronau"]
[BlackTeam "Rheine Klein Berlin"]
[WhiteTeamCountry "GER"]
[BlackTeamCountry "GER"]

1. d4 d5 2. Bf4 e6 3. e3 Bd6 4. Bg3 Nf6 5. Nd2 b6 6. Ngf3 O-O 7. c3 c5 8. Ne5 Qc7 9. Bd3 Bb7 10. O-O Nc6 11. f4 Ne7 12. Qc2 c4 13. Be2 b5 14. Rf3 Ne4 15. Be1 f6 16. Ng4 f5 17. Ne5 1/2-1/2

[Event "Muensterland Regionalliga 2526"]
[Site "Germany"]
[Date "2026.02.07"]
[Round "6"]
[Board "3"]
[White "Ratert, Matthias"]
[Black "Luetkehermoelle, Martin"]
[Result "1-0"]
[WhiteElo "1864"]
[BlackElo "1927"]
[WhiteFideId "-1"]
[BlackFideId "-1"]
[PlyCount "71"]
[GameId "2276418999378452"]
[EventDate "2025.??.??"]
[EventType "team-tourn"]
[EventRounds "9"]
[EventCountry "GER"]
[SourceTitle "Verband Muensterland"]
[SourceDate "2025.09.21"]
[SourceVersion "1"]
[SourceVersionDate "2025.09.21"]
[SourceQuality "1"]
[WhiteTeam "Rheine Klein Berlin"]
[BlackTeam "Gronau"]
[WhiteTeamCountry "GER"]
[BlackTeamCountry "GER"]

1. e4 c5 2. c3 d5 3. exd5 Qxd5 4. d4 e6 5. Nf3 Nf6 6. Na3 Nc6 7. Be3 cxd4 8. Nb5 Qd8 9. Nbxd4 Nd5 10. Bg5 Be7 11. Nxc6 bxc6 12. Bxe7 Qxe7 13. Bc4 Qc5 14. Qd4 Qxd4 15. Nxd4 Bd7 16. O-O O-O 17. Rfd1 Rab8 18. Nb3 Rfd8 19. Rd2 Kf8 20. Nc5 Ke7 21. Rad1 Be8 22. Be2 Nf6 23. Kf1 Rxd2 24. Rxd2 Rd8 25. Ke1 Rxd2 26. Kxd2 Kd6 27. b4 Nd7 28. Ne4+ Kc7 29. c4 h6 30. c5 f5 31. Nd6 Nf6 32. Bc4 Bd7 33. f4 Nd5 34. Bxd5 exd5 35. Ke3 Be6 36. Ne8+ 1-0

[Event "Muensterland Regionalliga 2526"]
[Site "Germany"]
[Date "2026.02.07"]
[Round "6"]
[Board "4"]
[White "Rothkegel, Juergen"]
[Black "Van Dijk, Guido"]
[Result "1/2-1/2"]
[WhiteElo "1880"]
[BlackElo "1816"]
[WhiteFideId "-1"]
[BlackFideId "-1"]
[PlyCount "42"]
[GameId "2276418999378454"]
[EventDate "2025.??.??"]
[EventType "team-tourn"]
[EventRounds "9"]
[EventCountry "GER"]
[SourceTitle "Verband Muensterland"]
[SourceDate "2025.09.21"]
[SourceVersion "1"]
[SourceVersionDate "2025.09.21"]
[SourceQuality "1"]
[WhiteTeam "Gronau"]
[BlackTeam "Rheine Klein Berlin"]
[WhiteTeamCountry "GER"]
[BlackTeamCountry "GER"]

1. e4 c6 2. d4 d5 3. e5 Bf5 4. Nc3 e6 5. g4 Bg6 6. Nge2 Bb4 7. Nf4 Ne7 8. h4 h6 9. h5 Bh7 10. Bd3 Be4 11. f3 Bxd3 12. Nxd3 Ba5 13. b4 Bb6 14. Be3 Nd7 15. f4 a6 16. Qf3 f5 17. exf6 gxf6 18. Na4 Qc7 19. Nxb6 Qxb6 20. f5 exf5 21. gxf5 O-O-O 1/2-1/2

[Event "Muensterland Regionalliga 2526"]
[Site "Germany"]
[Date "2026.02.07"]
[Round "6"]
[Board "5"]
[White "Germann, Norbert"]
[Black "Storck, Martin"]
[Result "1/2-1/2"]
[WhiteElo "1777"]
[BlackElo "1846"]
[WhiteFideId "-1"]
[BlackFideId "-1"]
[PlyCount "72"]
[GameId "2276418999378456"]
[EventDate "2025.??.??"]
[EventType "team-tourn"]
[EventRounds "9"]
[EventCountry "GER"]
[SourceTitle "Verband Muensterland"]
[SourceDate "2025.09.21"]
[SourceVersion "1"]
[SourceVersionDate "2025.09.21"]
[SourceQuality "1"]
[WhiteTeam "Rheine Klein Berlin"]
[BlackTeam "Gronau"]
[WhiteTeamCountry "GER"]
[BlackTeamCountry "GER"]

1. d4 d5 2. c4 c6 3. cxd5 cxd5 4. Nc3 Nc6 5. Bf4 a6 6. Nf3 Nf6 7. e3 e6 8. Bd3 Bd6 9. Bxd6 Qxd6 10. O-O O-O 11. Rc1 b5 12. Qe2 Bb7 13. a4 b4 14. Nb1 a5 15. Nbd2 g6 16. Nb3 Nd7 17. Nc5 Nxc5 18. Rxc5 Rfc8 19. Rfc1 Ne7 20. Ne5 f6 21. Ng4 Kg7 22. f4 h5 23. Nf2 f5 24. Bb5 Rxc5 25. Rxc5 Rc8 26. Nd3 Ba6 27. Rxc8 Bxc8 28. Nc5 Kf7 29. Qf2 Ng8 30. Qc2 Qc7 31. Bd3 Bd7 32. Nxe6 Qxc2 33. Ng5+ Ke7 34. Bxc2 Nf6 35. h3 Ne8 36. Nf3 Nd6 1/2-1/2

[Event "Muensterland Regionalliga 2526"]
[Site "Germany"]
[Date "2026.02.07"]
[Round "6"]
[Board "6"]
[White "Kloenne, Tim"]
[Black "Hemmert, Michael"]
[Result "0-1"]
[WhiteElo "1826"]
[BlackElo "1751"]
[WhiteFideId "-1"]
[BlackFideId "-1"]
[PlyCount "58"]
[GameId "2276418999378458"]
[EventDate "2025.??.??"]
[EventType "team-tourn"]
[EventRounds "9"]
[EventCountry "GER"]
[SourceTitle "Verband Muensterland"]
[SourceDate "2025.09.21"]
[SourceVersion "1"]
[SourceVersionDate "2025.09.21"]
[SourceQuality "1"]
[WhiteTeam "Gronau"]
[BlackTeam "Rheine Klein Berlin"]
[WhiteTeamCountry "GER"]
[BlackTeamCountry "GER"]

1. c4 g6 2. g3 Bg7 3. Bg2 e5 4. Nc3 Nc6 5. Rb1 a5 6. d3 Nf6 7. e4 d6 8. Nge2 Be6 9. O-O O-O 10. Nd5 Nd7 11. Nec3 Nd4 12. a3 c6 13. Ne3 f5 14. Nc2 Nxc2 15. Qxc2 f4 16. f3 g5 17. g4 h5 18. h3 hxg4 19. hxg4 Rf6 20. Rf2 Rh6 21. Na4 Nc5 22. Nxc5 dxc5 23. b4 cxb4 24. axb4 a4 25. b5 a3 26. bxc6 bxc6 27. Ra1 Bf8 28. c5 Ra5 29. Rd2 Qd4+ 0-1

[Event "Muensterland Regionalliga 2526"]
[Site "Germany"]
[Date "2026.02.07"]
[Round "6"]
[Board "7"]
[White "Hauk, Viktor"]
[Black "Reinhold, Klaus"]
[Result "1-0"]
[WhiteElo "1857"]
[BlackElo "1804"]
[WhiteFideId "-1"]
[BlackFideId "-1"]
[PlyCount "65"]
[GameId "2276418999378460"]
[EventDate "2025.??.??"]
[EventType "team-tourn"]
[EventRounds "9"]
[EventCountry "GER"]
[SourceTitle "Verband Muensterland"]
[SourceDate "2025.09.21"]
[SourceVersion "1"]
[SourceVersionDate "2025.09.21"]
[SourceQuality "1"]
[WhiteTeam "Rheine Klein Berlin"]
[BlackTeam "Gronau"]
[WhiteTeamCountry "GER"]
[BlackTeamCountry "GER"]

1. d4 d5 2. Nf3 Nf6 3. Bf4 c5 4. e3 Nc6 5. Be2 Qb6 6. b3 Bf5 7. O-O cxd4 8. Nxd4 Nxd4 9. exd4 e6 10. Nc3 a6 11. Na4 Qd8 12. c4 Bd6 13. Bxd6 Qxd6 14. c5 Qf4 15. g3 Qc7 16. b4 O-O 17. Nb6 Rad8 18. a4 Nd7 19. Nxd7 Qxd7 20. f4 Be4 21. b5 axb5 22. axb5 Ra8 23. Qb3 f6 24. b6 e5 25. Ra7 Rxa7 26. bxa7 Ra8 27. fxe5 fxe5 28. Bf3 Bxf3 29. Qxf3 e4 30. Qf4 h6 31. Qb8+ Qc8 32. Qxc8+ Rxc8 33. Rb1 1-0